On.point, Americas research (Record no. 109392)
[ view plain ]
| 000 -LEADER | |
|---|---|
| fixed length control field | 01667cad a22002535a 4500 |
| 001 - CONTROL NUMBER | |
| control field | L147005 |
| 008 - FIXED-LENGTH DATA ELEMENTS--GENERAL INFORMATION | |
| fixed length control field | 090323s2009 xxu f 000 0 eng d |
| 035 ## - SYSTEM CONTROL NUMBER | |
| System control number | (Sirsi) u147005 |
| 041 0# - LANGUAGE CODE | |
| Language code of text/sound track or separate title | eng |
| 050 04 - LIBRARY OF CONGRESS CALL NUMBER | |
| Classification number | 333.33 $2 18 |
| 110 2# - MAIN ENTRY--CORPORATE NAME | |
| Corporate name or jurisdiction name as entry element | Jones Lang LaSalle |
| 9 (RLIN) | 3755 |
| 245 00 - TITLE STATEMENT | |
| Title | On.point, Americas research |
| Remainder of title | United States industrial report, winter 2009 |
| Medium | [electronic resource] |
| 260 ## - PUBLICATION, DISTRIBUTION, ETC. | |
| Place of publication, distribution, etc. | [S.l.] |
| Name of publisher, distributor, etc. | Jones Lang Lasalle |
| Date of publication, distribution, etc. | 2009 |
| 490 #0 - SERIES STATEMENT | |
| Series statement | On.Point |
| -- | Americas Research |
| 505 2# - FORMATTED CONTENTS NOTE | |
| Formatted contents note | Overview of Jones Lang LaSalle logistics and industrial services -- Economy -- Industrial market -- Market statistics -- Industrial capital markets -- U.S. industrial big box sector summary -- Industrial property clock -- Local markets: Atlanta; Chicago; Dallas/Fort Worth; Houston; Northern New Jersey; Philadelphia; Southern California |
| 520 ## - SUMMARY, ETC. | |
| Summary, etc. | Report suggests that labour and consumer markets are stuck in a vicious cycle, with industrial property and economic fundamentals deteriorating rapidly. Reports that demand has decreased and vacancy rates increased from the latter half of 2008 and into 2009, and predicts that reductions in the retail market will lead to changes in goods distribution, and may also provide opportunities for users to optimize their space requirements at a lower occupancy cost. |
| 521 ## - TARGET AUDIENCE NOTE | |
| Target audience note | Advanced |
| 590 ## - LOCAL NOTE (RLIN) | |
| Local note | KA |
| 651 #4 - SUBJECT ADDED ENTRY--GEOGRAPHIC NAME | |
| Geographic name | United States |
| Chronological subdivision | 1959- |
| 690 ## - LOCAL SUBJECT ADDED ENTRY--TOPICAL TERM (OCLC, RLIN) | |
| Topical term or geographic name as entry element | PROPERTY-COMMERCIAL PROPERTY-COMMERCIAL PROPERTY MARKET |
| 690 ## - LOCAL SUBJECT ADDED ENTRY--TOPICAL TERM (OCLC, RLIN) | |
| Topical term or geographic name as entry element | PROPERTY-INDUSTRIAL PROPERTY |
| 856 40 - ELECTRONIC LOCATION AND ACCESS | |
| Uniform Resource Identifier | <a href="https://www.us.am.joneslanglasalle.com/UnitedStates/en-us/Pages/Home.aspx">https://www.us.am.joneslanglasalle.com/UnitedStates/en-us/Pages/Home.aspx</a> |
| Public note | View the report free of charge at www.us.am.joneslanglasalle.com... |
| 942 ## - ADDED ENTRY ELEMENTS (KOHA) | |
| Suppress in OPAC | 0 |
| Withdrawn status | Lost status | Source of classification or shelving scheme | Damaged status | Not for loan | Home library | Current library | Shelving location | Date acquired | Total Checkouts | Full call number | Barcode | Date last seen | Copy number | Price effective from | Koha item type |
|---|---|---|---|---|---|---|---|---|---|---|---|---|---|---|---|
| Dewey Decimal Classification | Virtual | Virtual | Online | 23/03/2009 | ONLINE PUBLICATION | 147005-2001 | 06/08/2019 | 1 | 06/08/2019 | Book |